كليلة و دمنة / (رقم التسجيلة. 146226)
[ عرض عادي ]
| 000 -LEADER | |
|---|---|
| fixed length control field | 00568nam a22001937a 4500 |
| 005 - DATE AND TIME OF LATEST TRANSACTION | |
| control field | 20251108175940.0 |
| 008 - FIXED-LENGTH DATA ELEMENTS--GENERAL INFORMATION | |
| fixed length control field | 250721s2009 xx 000 0 ara d |
| 082 14 - DEWEY DECIMAL CLASSIFICATION NUMBER | |
| Classification number | ق/بيد |
| 100 1# - MAIN ENTRY--PERSONAL NAME | |
| Personal name | بن المقفع، الفيلسوف الهندي بيدبا |
| Relator term | مترجم |
| 245 10 - TITLE STATEMENT | |
| Title | كليلة و دمنة / |
| 250 ## - EDITION STATEMENT | |
| Edition statement | ط.3 |
| 264 1# - PRODUCTION, PUBLICATION, DISTRIBUTION, MANUFACTURE, AND COPYRIGHT NOTICE | |
| Place of production, publication, distribution, manufacture | بيروت : |
| Name of producer, publisher, distributor, manufacturer | دار الجيل، |
| Date of production, publication, distribution, manufacture, or copyright notice | 2009. |
| 300 ## - PHYSICAL DESCRIPTION | |
| Extent | 328ص. |
| 650 17 - SUBJECT ADDED ENTRY--TOPICAL TERM | |
| Topical term or geographic name as entry element | الادب المترجم |
| 650 17 - SUBJECT ADDED ENTRY--TOPICAL TERM | |
| Topical term or geographic name as entry element | الادب الهندي |
| 650 17 - SUBJECT ADDED ENTRY--TOPICAL TERM | |
| Topical term or geographic name as entry element | القصص القصيرة |
| 942 ## - ADDED ENTRY ELEMENTS (KOHA) | |
| Source of classification or shelving scheme | Dewey Decimal Classification |
| Koha item type | كتب |
| حالة السحب | حالة الفقدان | مصدر التصنيف | حالة التلف | غير قابل للإعارة | المكتبة الرئيسية | المكتبة الحالية | موقع الرف | تاريخ التزويد | الرقم المتسلسل | Total Checkouts | رقم الإستدعاء | الباركود | تاريخ آخر ظهور | تاريخ الفاتورة | نوع المادة (كوها) |
|---|---|---|---|---|---|---|---|---|---|---|---|---|---|---|---|
| Dewey Decimal Classification | المكتبة المركزية | المكتبة المركزية | الإعارة | 28/07/2025 | 1785496 | ق/بيد | PLD00508641 | 28/07/2025 | 28/07/2025 | كتب | |||||
| Dewey Decimal Classification | مكتبة أبو علندا العامة | مكتبة أبو علندا العامة | الإعارة | 04/04/2024 | 1785503 | ق/بيد | PLD00509014 | 28/07/2025 | 04/04/2024 | كتب | |||||
| Dewey Decimal Classification | مكتبة أم قصير والمقابلين العامة | مكتبة أم قصير والمقابلين العامة | الإعارة | 04/04/2024 | 1785500 | ق/بيد | PLD00509011 | 28/07/2025 | 04/04/2024 | كتب | |||||
| Dewey Decimal Classification | مكتبة الأميرة ايمان العامة | مكتبة الأميرة ايمان العامة | الإعارة | 04/04/2024 | 1785497 | ق/بيد | PLD00509008 | 28/07/2025 | 04/04/2024 | كتب | |||||
| Dewey Decimal Classification | مكتبة الاميرة بديعة | مكتبة الاميرة بديعة | الإعارة | 04/04/2024 | 1785501 | ق/بيد | PLD00509012 | 28/07/2025 | 04/04/2024 | كتب | |||||
| Dewey Decimal Classification | مكتبة الجويدة | مكتبة الجويدة | الإعارة | 04/04/2024 | 1785504 | ق/بيد | PLD00509015 | 28/07/2025 | 04/04/2024 | كتب | |||||
| Dewey Decimal Classification | مكتبة الحسن العامة | مكتبة الحسن العامة | الإعارة | 04/04/2024 | 1785502 | ق/بيد | PLD00509013 | 28/07/2025 | 04/04/2024 | كتب | |||||
| Dewey Decimal Classification | مكتبة حمزة العامة | مكتبة حمزة العامة | الإعارة | 04/04/2024 | 1785505 | ق/بيد | PLD00509016 | 28/07/2025 | 04/04/2024 | كتب | |||||
| Dewey Decimal Classification | مكتبة صويلح العامة | مكتبة صويلح العامة | الإعارة | 04/04/2024 | 1785499 | ق/بيد | PLD00509010 | 28/07/2025 | 04/04/2024 | كتب | |||||
| Dewey Decimal Classification | مكتبة وادي السير العامة | مكتبة وادي السير العامة | الإعارة | 04/04/2024 | 1785498 | ق/بيد | PLD00509009 | 28/07/2025 | 04/04/2024 | كتب |